| 000 | 00000nam 2200000za 4500 |
| 001 | 9.612601 |
| 003 | CaOODSP |
| 005 | 20240527135427 |
| 007 | ta |
| 008 | 150406|1995||||xxc||||| f|0| 0 eng d |
| 020 | |a0-662-23884-2 |
| 022 | |a0576-6370 |
| 040 | |aCaOODSP|beng |
| 043 | |an-cn--- |
| 086 | 1 |aCW69-1/89E |
| 110 | 2 |aCanadian Wildlife Service. |
| 245 | 14|aThe colonial waterbirds of Great Slave Lake, Northwest Territories : |ban annotated atlas / |cby J. Sirois et al. |
| 260 | |aOttawa - Ontario : |bEnvironment Canada. |c1995. |
| 300 | |a59p. : |bfigs., maps, references, tables ; |c28 cm. |
| 490 | 1 |aOccasional paper - Canadian Wildlife Service|x0576-6370|v89 |
| 500 | |a"We documented the diversity, abundance, distribution, and nesting chronology of the colonial waterbirds of Great Slave Lake in 1986-1995. We also reviewed all available historical information."--Abstract. |
| 520 | 3 |aWe documented the diversity, abundance, distribution, and nesting chronology of the colonial waterbirds of Great Slave Lake in 1986-1995. We also reviewed all available historical information.--Abstract |
| 546 | |aRésumés en français |
| 563 | |aSoftcover |
| 590 | |a95-49|b1995-12-08 |
| 690 | 07|aBirds|2gcpds |
| 720 | 1 |aSirois, J. |
| 776 | 0#|tThe colonial waterbirds of Great Slave Lake, Northwest Territories |w(CaOODSP)9.856121 |
| 830 | #0|aOccasional paper (Canadian Wildlife Service)|x0576-6370|v89|w(CaOODSP)9.514489 |